Tilastot visalle Schyeenat

Klikkaa tästä pelataksesi tätä visaa!

Yleistilastot

  • Tätä visaa on pelattu 16 kertaa
  • Keskiarvotulos 8 / 15

Vastaustilastot

KysymysVastaus% Oikein
Hyeenojen vahvin laji?Saunailta/saunominen
91%
Kuka hyeenoista sammuu/tipahtaa/väsyy yleensä ensimmäisenä ja missaa parhaimmat tapahtumat?Jorgos
73%
Kenen hyeenan paita tuhoutui viimeisimmän saunaillan yhteydessä?White Mamba
73%
Kuka oli ensimmäinen imurin uhri?Jorgos
64%
Millainen on Aaboss28 pelaajasopimus hyeenoiden kanssa?1+saunailta
55%
Jerssin ja El Vacon juhannus scramblen tulos Archipelagia Golfissa?69 (-2)
55%
Kenen hyeenan päivästä löytyy salaisen ovelan rahkan resepti?El Vaco
55%
Hyeenojen ig tilin salasana?Mummogigolo10
55%
Mitä AT:n tohvelista löytyi erään saunaillan jälkeen?Poppis
45%
Kuka nyrjäytti sormen viime saunaillassa ja kuka kaatui saunassa päin kiuasta?Vaco/Jorge
45%
Aaboss28 pelinumero?0,1
36%
Hyeenoiden jäsenmäärä?13
36%
Kuinka monta saunailtaa on pidetty hyeenojen perustamisen jälkeen?4
36%
Kuinka monelta hyeenoiden jäseneltä puuttuu oma paita?2
27%
Kuinka monta hyeenaa pelaa golfia?7
18%

Tulosjakauma

Persentiili vastausten määrän mukaan

Jokaisen tuloksen saaneiden osuus

Tuloshistoriasi

Et ole pelannut tätä visaa